| 000 | 00601nam a2200169 a 4500 | ||
|---|---|---|---|
| 001 | 000249738 | ||
| 003 | AM-YeHGA | ||
| 005 | 20250618071656.0 | ||
| 008 | 030723s1931 ai 000 | arm d | ||
| 040 | _aAM-YeHGA | ||
| 100 | 1 |
_aՇահինյան, Մարիետա Սերգեյի, _d1888-1982 _91556 |
|
| 245 | 1 | 0 |
_aԱգիտ-Վագոն : _bԹարգմանություն ռուսերենից / _cՄ. Շահինյան. |
| 260 |
_aՅերևան : _bՊետ. հրատ, _c1931. |
||
| 300 |
_a29 էջ : _bնկ. ; _c16 սմ. |
||
| 650 | 1 | 4 |
_aՌուս գրականություն _xՊատմվածք _94645 |
| 090 | _c90653 | ||
| 999 |
_c89366 _d89366 |
||